Directory of contraceptives. Directoire de contraceptifs. Directorio de anticonceptivos;

Saved in:
Bibliographic Details
Corporate Authors: International Planned Parenthood Federation, IPPF Central Medical Committee
Other Authors: Hardy, Norman (ed.), Kestelman, Philip (ed.)
Format: Book
Language:English
Published: London, International Planned Parenthood Federation, 1971.
Subjects:
LEADER 01287nam a2200325 4500
001 c000140328
003 CARM
005 00000000000000.0
008 730320s1971 enk ir 00010 eng
015 |a B72-00243 
019 1 |a 542738  |5 LACONCORD2021 
020 |a 0900924217 
035 |a (OCoLC)605976  |5 LACONCORD2021 
041 0 |a engfrespa 
050 0 0 |a RG137  |b .I57 
110 2 0 |a International Planned Parenthood Federation. 
245 1 0 |a Directory of contraceptives.  |b Directoire de contraceptifs. Directorio de anticonceptivos;  |c edited for the IPPF Central Medical Committee by Norman Hardy and Philip Kestelman. 
260 |a London,  |b International Planned Parenthood Federation,  |c 1971. 
300 |a 83 l.  |c 30 cm. 
500 |a English, French and Spanish. 
650 0 |a Contraceptives  |x Catalogs. 
700 1 |a Hardy, Norman,  |e ed. 
700 1 |a Kestelman, Philip.  |e ed. 
710 2 0 |a IPPF Central Medical Committee. 
740 1 |a Directoire de contraceptifs. 
740 1 |a Directorio de anticonceptivos. 
852 8 |b CARM  |h A2:AB13D0  |i D00355  |p 0036103  |f BK 
082 0 4 |a 613.9/43/0212 
999 f f |i b8c594e9-a3a1-5d8c-a7ba-43577f1ded57  |s 5c770018-5676-5270-a5ef-6072c0a1002b 
952 f f |p Can circulate  |a CAVAL  |b CAVAL  |c CAVAL  |d CARM 1 Store  |e D00355  |f A2:AB13D0  |h Other scheme  |i book  |m 0036103